<?xml version="1.0" encoding="UTF-8"?>
<record
    xmlns:xsi="http://www.w3.org/2001/XMLSchema-instance"
    xsi:schemaLocation="http://www.loc.gov/MARC21/slim http://www.loc.gov/standards/marcxml/schema/MARC21slim.xsd"
    xmlns="http://www.loc.gov/MARC21/slim">

  <leader>01267nam a2200349 a 4500</leader>
  <controlfield tag="001">000114760</controlfield>
  <controlfield tag="003">CHAP</controlfield>
  <controlfield tag="005">20220329144456.0</controlfield>
  <controlfield tag="008">180410s2018    mx a   fsm   |||||||spa d</controlfield>
  <datafield tag="010" ind1=" " ind2=" ">
    <subfield code="a">111221</subfield>
  </datafield>
  <datafield tag="011" ind1=" " ind2=" ">
    <subfield code="a">112193</subfield>
  </datafield>
  <datafield tag="040" ind1=" " ind2=" ">
    <subfield code="c">CHAP</subfield>
  </datafield>
  <datafield tag="090" ind1=" " ind2=" ">
    <subfield code="a">Tesis</subfield>
  </datafield>
  <datafield tag="100" ind1="1" ind2=" ">
    <subfield code="a">Fuentes Morales, Daniel.</subfield>
    <subfield code="9">135060</subfield>
  </datafield>
  <datafield tag="245" ind1="1" ind2="0">
    <subfield code="a">Acciones de manejo integral de zonas agr&#xED;colas de DR 056 /</subfield>
    <subfield code="h">[En l&#xED;nea]</subfield>
    <subfield code="c">por Daniel Fuentes Morales y Ogamisama Jarquin Flores.</subfield>
  </datafield>
  <datafield tag="260" ind1=" " ind2=" ">
    <subfield code="a">Chapingo, M&#xE9;x. :</subfield>
    <subfield code="b">El autor,</subfield>
    <subfield code="c">2018.</subfield>
  </datafield>
  <datafield tag="500" ind1=" " ind2=" ">
    <subfield code="a">Para ver el contenido del material haga clic en la liga</subfield>
  </datafield>
  <datafield tag="502" ind1=" " ind2=" ">
    <subfield code="a">Tesis (Ing. en Irrigaci&#xF3;n) -- UACH. Departamento de Irrigaci&#xF3;n</subfield>
  </datafield>
  <datafield tag="590" ind1=" " ind2=" ">
    <subfield code="a">BATCH-UPD</subfield>
    <subfield code="b">05</subfield>
    <subfield code="c">20180618</subfield>
    <subfield code="l">UCH01</subfield>
    <subfield code="h">1358</subfield>
  </datafield>
  <datafield tag="590" ind1=" " ind2=" ">
    <subfield code="a">E8697GMM</subfield>
    <subfield code="b">05</subfield>
    <subfield code="c">20180410</subfield>
    <subfield code="l">UCH01</subfield>
    <subfield code="h">0842</subfield>
  </datafield>
  <datafield tag="590" ind1=" " ind2=" ">
    <subfield code="a">E8697GMM</subfield>
    <subfield code="b">05</subfield>
    <subfield code="c">20180410</subfield>
    <subfield code="l">UCH01</subfield>
    <subfield code="h">0844</subfield>
  </datafield>
  <datafield tag="590" ind1=" " ind2=" ">
    <subfield code="a">E8697GMM</subfield>
    <subfield code="b">05</subfield>
    <subfield code="c">20180410</subfield>
    <subfield code="l">UCH01</subfield>
    <subfield code="h">0923</subfield>
  </datafield>
  <datafield tag="650" ind1="1" ind2="4">
    <subfield code="a">Irrigaci&#xF3;n</subfield>
    <subfield code="x">Innovaciones tecnol&#xF3;gicas.</subfield>
    <subfield code="9">60424</subfield>
  </datafield>
  <datafield tag="650" ind1="1" ind2="4">
    <subfield code="a">Riego por goteo.</subfield>
    <subfield code="9">97380</subfield>
  </datafield>
  <datafield tag="650" ind1="1" ind2="4">
    <subfield code="a">Riego</subfield>
    <subfield code="x">Modelos matem&#xE1;ticos.</subfield>
    <subfield code="9">134942</subfield>
  </datafield>
  <datafield tag="650" ind1="1" ind2="4">
    <subfield code="a">Suelos agr&#xED;colas.</subfield>
    <subfield code="9">110531</subfield>
  </datafield>
  <datafield tag="700" ind1="1" ind2=" ">
    <subfield code="a">Jarqu&#xED;n Flores, Ogamisama.</subfield>
    <subfield code="9">135061</subfield>
  </datafield>
  <datafield tag="856" ind1=" " ind2=" ">
    <subfield code="a">Finding aid</subfield>
    <subfield code="u">http://10.13.5.2/tesis/sist114760.pdf</subfield>
    <subfield code="z">Teclea aqu&#xED;</subfield>
  </datafield>
  <datafield tag="901" ind1=" " ind2=" ">
    <subfield code="a">BK</subfield>
  </datafield>
  <datafield tag="942" ind1=" " ind2=" ">
    <subfield code="c">TESIS</subfield>
  </datafield>
  <datafield tag="942" ind1=" " ind2=" ">
    <subfield code="n">0</subfield>
  </datafield>
  <datafield tag="999" ind1=" " ind2=" ">
    <subfield code="c">111221</subfield>
    <subfield code="d">111221</subfield>
  </datafield>
  <datafield tag="952" ind1=" " ind2=" ">
    <subfield code="0">0</subfield>
    <subfield code="1">0</subfield>
    <subfield code="4">0</subfield>
    <subfield code="5">4</subfield>
    <subfield code="7">1</subfield>
    <subfield code="8">TESIS</subfield>
    <subfield code="a">BC</subfield>
    <subfield code="b">BC</subfield>
    <subfield code="d">2018-04-10</subfield>
    <subfield code="f">TESIS</subfield>
    <subfield code="l">0</subfield>
    <subfield code="o">Tesis</subfield>
    <subfield code="p">114761-10</subfield>
    <subfield code="r">2019-12-31 00:00:00</subfield>
    <subfield code="w">2019-12-31</subfield>
    <subfield code="y">TESIS</subfield>
    <subfield code="z">Recien adquirido</subfield>
  </datafield>
</record>
